| 000 | 00672nam a2200181Ia 4500 | ||
|---|---|---|---|
| 008 | 151018s9999 xx 000 0 und d | ||
| 082 |
_bRBASDV41039 _a610 |
||
| 100 | _aसुदर्शन भाटीया | ||
| 245 | _aरोग और उनके घरेलू उपचार | ||
| 250 | _b1 | ||
| 260 |
_bविभोर प्रकाशन _c2006 |
||
| 300 | _a120 | ||
| 600 | _aसुदर्शन भाटीया | ||
| 630 | _aरोग और उनके घरेलू उपचार | ||
| 700 | _aसुदर्शन भाटीया | ||
| 730 | _aरोग और उनके घरेलू उपचार | ||
| 942 | _cBOOK | ||
| 999 |
_c1040313 _d1040310 |
||